[Event "Mexican op 69th"]
[Site "Mexico City"]
[Date "2024.03.30"]
[Round "8"]
[White "Cori Quispe, Kevin Joel"]
[Black "Otero Acosta, Diasmany"]
[Result "0-1"]
[WhiteElo "2468"]
[BlackElo "2387"]
[PlyCount "50"]
[EventDate "2024.03.26"]
[EventType "swiss"]
[EventRounds "9"]
[EventCountry "MEX"]
[SourceTitle "CB14_2024"]
[SourceDate "2024.04.01"]
[SourceVersion "1"]
[SourceVersionDate "2024.04.01"]
[SourceQuality "1"]

1. e4 c5 2. Nf3 e6 3. b3 d6 4. d4 cxd4 5. Nxd4 Nf6 6. Nc3 a6 7. Bb2 b5 8. a3 Bb7 9. Qe2 Nbd7 10. g4 e5 11. Nf5 g6 12. Ng3 Nc5 13. 0-0-0 Qc7 14. f4 Ne6 15. fxe5 Nf4 16. Qf3 dxe5 17. g5 Nd7 18. Nce2 Rc8 19. Rd2 Ne6 20. Bh3 Ndc5 21. Rf1 Nxg5 22. Qf6 Nxh3 23. Kb1 Rg8 24. Bxe5 Bg7 25. Bxc7 Bxf6 0-1

[Event "Mexican op 69th"]
[Site "Mexico City"]
[Date "2024.03.30"]
[Round "7"]
[White "Galaviz Medina, Sion Radamantys"]
[Black "Cori Quispe, Kevin Joel"]
[Result "1/2-1/2"]
[WhiteElo "2439"]
[BlackElo "2468"]
[PlyCount "69"]
[EventDate "2024.03.26"]
[EventType "swiss"]
[EventRounds "9"]
[EventCountry "MEX"]
[SourceTitle "CB14_2024"]
[SourceDate "2024.04.01"]
[SourceVersion "1"]
[SourceVersionDate "2024.04.01"]
[SourceQuality "1"]

1. d4 Nf6 2. c4 e6 3. Nc3 Bb4 4. e3 0-0 5. Bd3 d5 6. a3 Bxc3+ 7. bxc3 dxc4 8. Bxc4 c5 9. Ne2 Qc7 10. Bd3 Nc6 11. 0-0 e5 12. Ng3 Rd8 13. f4 exd4 14. cxd4 Qe7 15. Qe2 Bg4 16. Qf2 h5 17. h3 Be6 18. Re1 h4 19. Nf1 Bd5 20. Qxh4 Be4 21. Bxe4 Nxe4 22. Qxe7 Nxe7 23. dxc5 Rac8 24. Bb2 Rxc5 25. Rac1 Rb5 26. Re2 Rd3 27. Rc4 f5 28. Kh2 Nd5 29. a4 Rbb3 30. Rd4 Rxd4 31. Bxd4 Rb4 32. Bxa7 Rxa4 33. Bd4 Nxf4 34. Rb2 Ne6 35. Rxb7 1/2-1/2

[Event "Mexican op 69th"]
[Site "Mexico City"]
[Date "2024.03.29"]
[Round "6"]
[White "Cori Quispe, Kevin Joel"]
[Black "Tapie Amione, Pablo Adib"]
[Result "1-0"]
[WhiteElo "2468"]
[BlackElo "2177"]
[PlyCount "65"]
[EventDate "2024.03.26"]
[EventType "swiss"]
[EventRounds "9"]
[EventCountry "MEX"]
[SourceTitle "CB14_2024"]
[SourceDate "2024.04.01"]
[SourceVersion "1"]
[SourceVersionDate "2024.04.01"]
[SourceQuality "1"]

1. e4 c5 2. Nf3 Nc6 3. Bb5 d6 4. 0-0 Bd7 5. c3 Nf6 6. Re1 a6 7. Bf1 Bg4 8. d3 Bxf3 9. Qxf3 g6 10. Be3 Bg7 11. Nd2 Nd7 12. Qd1 0-0 13. f4 b5 14. Nf3 Qc7 15. Rc1 e6 16. Kh1 Rfe8 17. d4 c4 18. e5 Ne7 19. Ng5 d5 20. g4 Qa5 21. Bh3 Nc6 22. f5 exf5 23. gxf5 Ndxe5 24. dxe5 Nxe5 25. Bf1 Qxa2 26. Bd4 Qxb2 27. Rc2 Qb3 28. Bxe5 Bxe5 29. fxg6 hxg6 30. Qxd5 Rf8 31. Rf2 Qxc3 32. Rxf7 Qxe1 33. Re7+ 1-0

[Event "Mexican op 69th"]
[Site "Mexico City"]
[Date "2024.03.28"]
[Round "4"]
[White "Cori Quispe, Kevin Joel"]
[Black "Mendoza Insunza, Miguel Angel"]
[Result "1-0"]
[WhiteElo "2468"]
[BlackElo "1969"]
[PlyCount "73"]
[EventDate "2024.03.26"]
[EventType "swiss"]
[EventRounds "9"]
[EventCountry "MEX"]
[SourceTitle "CB14_2024"]
[SourceDate "2024.04.01"]
[SourceVersion "1"]
[SourceVersionDate "2024.04.01"]
[SourceQuality "1"]

1. e4 d6 2. d4 Nf6 3. Nc3 g6 4. Bg5 c6 5. Qd2 Qa5 6. f4 Bg7 7. Bd3 Qb6 8. e5 Ng8 9. 0-0-0 Qxd4 10. Nf3 Qb4 11. a3 Qa5 12. exd6 Bxc3 13. Qxc3 Qxc3 14. bxc3 f6 15. Bh4 exd6 16. Be2 Kd7 17. Rhe1 Kc7 18. Bc4 d5 19. Re8 Nd7 20. Bd3 b5 21. Rde1 a6 22. Nd4 Bb7 23. Rxa8 Bxa8 24. Re8 Bb7 25. f5 c5 26. Ne6+ Kb6 27. Nd8 g5 28. Bg3 h5 29. Be2 h4 30. Bd6 d4 31. Nxb7 Kxb7 32. Bf3+ Kb6 33. cxd4 h3 34. g3 cxd4 35. Bd5 Ne5 36. Bxe5 fxe5 37. Bxg8 1-0

[Event "Mexican op 68th"]
[Site "Mexico City"]
[Date "2023.04.08"]
[Round "7"]
[White "Cori Quispe, Kevin Joel"]
[Black "Hernandez Andres, Gustavo"]
[Result "1-0"]
[WhiteElo "2479"]
[BlackElo "2197"]
[PlyCount "53"]
[EventDate "2023.04.04"]
[EventType "swiss"]
[EventRounds "9"]
[EventCountry "MEX"]
[SourceTitle "CBM 213 Extra"]
[Source "ChessBase"]
[SourceDate "2023.05.31"]
[SourceVersion "1"]
[SourceVersionDate "2023.05.31"]
[SourceQuality "1"]

1. e4 e6 2. d4 d5 3. Nc3 Nf6 4. e5 Nfd7 5. f4 c5 6. Nf3 Nc6 7. Be3 Be7 8. Qd2 0-0 9. dxc5 Nxc5 10. 0-0-0 a6 11. Qf2 Qa5 12. Kb1 Bd7 13. Bxc5 Bxc5 14. Qh4 Be7 15. Qh3 f5 16. g4 Bb4 17. Ne2 Bc5 18. gxf5 Rxf5 19. Nc1 Rxf4 20. Nb3 Rxf3 21. Qxf3 Qb6 22. Nxc5 Qxc5 23. Bd3 Nb4 24. Rdf1 Bb5 25. Qf7+ Kh8 26. Rhg1 g6 27. Qf6+ 1-0

[Event "Mexican op 68th"]
[Site "Mexico City"]
[Date "2023.04.07"]
[Round "6"]
[White "Sandoval Mercado, Carlos"]
[Black "Cori Quispe, Kevin Joel"]
[Result "1/2-1/2"]
[WhiteElo "2291"]
[BlackElo "2479"]
[PlyCount "102"]
[EventDate "2023.04.04"]
[EventType "swiss"]
[EventRounds "9"]
[EventCountry "MEX"]
[SourceTitle "CBM 213 Extra"]
[Source "ChessBase"]
[SourceDate "2023.05.31"]
[SourceVersion "1"]
[SourceVersionDate "2023.05.31"]
[SourceQuality "1"]

1. d4 Nf6 2. c4 e6 3. Nc3 Bb4 4. e3 0-0 5. Bd3 d5 6. a3 Bxc3+ 7. bxc3 dxc4 8. Bxc4 c5 9. Ne2 b6 10. 0-0 Bb7 11. Ng3 Nc6 12. f4 Ne7 13. Bd3 Qd7 14. Bb2 Nf5 15. Nxf5 exf5 16. c4 Rfe8 17. d5 Ne4 18. Qh5 f6 19. Rf3 Qf7 20. Qh4 h6 21. g4 Qg6 22. h3 b5 23. Kh2 bxc4 24. Bxe4 fxe4 25. Rf2 Rad8 26. Rd1 Rxd5 27. Rxd5 Bxd5 28. Rd2 Rd8 29. Bc3 Rd7 30. Qg3 Kh7 31. Qh4 a6 32. Qg3 Kg8 33. Kg2 Qf7 34. Qe1 Bc6 35. Rxd7 Qxd7 36. Qd2 Qxd2+ 37. Bxd2 c3 38. Bxc3 Kf7 39. Kf2 Ke6 40. Ke2 g6 41. Kd2 f5 42. g5 hxg5 43. fxg5 Kd5 44. Bf6 Kc4 45. Be7 Bb5 46. h4 Be8 47. Bd6 Bf7 48. Be7 Be8 49. Bd6 Bf7 50. Be7 Be8 51. Bd6 Bf7 1/2-1/2

[Event "Cali Valle Colombia op-A"]
[Site "Cali Valle Colombia"]
[Date "2022.12.30"]
[Round "9"]
[White "Cori Quispe, Kevin Joel"]
[Black "Zuluaga Mancilla, Cesar"]
[Result "1-0"]
[WhiteElo "2469"]
[BlackElo "2233"]
[PlyCount "47"]
[EventDate "2022.12.26"]
[EventType "swiss"]
[EventRounds "9"]
[EventCountry "COL"]
[SourceTitle "CBM 211 Extra"]
[Source "ChessBase"]
[SourceDate "2023.01.31"]
[SourceVersion "1"]
[SourceVersionDate "2023.01.31"]
[SourceQuality "1"]

1. e4 c5 2. Nf3 e6 3. d4 cxd4 4. Nxd4 a6 5. Bd3 Nc6 6. Nxc6 dxc6 7. 0-0 Nf6 8. e5 Nd7 9. Qe2 Qc7 10. Bf4 Nc5 11. Rd1 b5 12. Nd2 Nxd3 13. Qxd3 Bb7 14. Ne4 c5 15. c4 Rd8 16. Qe2 bxc4 17. Rxd8+ Qxd8 18. Rd1 Qa8 19. Bg5 Bd5 20. Qg4 h5 21. Qf4 Qc6 22. Nf6+ gxf6 23. Qxf6 Qa8 24. Qxh8 1-0

[Event "Cali Valle Colombia op-A"]
[Site "Cali Valle Colombia"]
[Date "2022.12.29"]
[Round "7"]
[White "Cori Quispe, Kevin Joel"]
[Black "Cruz, Cristhian"]
[Result "1/2-1/2"]
[WhiteElo "2469"]
[BlackElo "2532"]
[PlyCount "20"]
[EventDate "2022.12.26"]
[EventType "swiss"]
[EventRounds "9"]
[EventCountry "COL"]
[SourceTitle "CBM 211 Extra"]
[Source "ChessBase"]
[SourceDate "2023.01.31"]
[SourceVersion "1"]
[SourceVersionDate "2023.01.31"]
[SourceQuality "1"]

1. e4 e6 2. d4 d5 3. e5 c5 4. c3 Nc6 5. Nf3 Qb6 6. a3 Nh6 7. Bd3 cxd4 8. cxd4 Nf5 9. Bxf5 exf5 10. Nc3 Be6 1/2-1/2

[Event "Palmira Fortalece Sede"]
[Site "Palmira"]
[Date "2022.12.16"]
[Round "6"]
[White "Cori Quispe, Kevin Joel"]
[Black "Argote Heredia, Valentina"]
[Result "1/2-1/2"]
[WhiteElo "2469"]
[BlackElo "2165"]
[PlyCount "56"]
[EventDate "2022.12.13"]
[EventType "swiss"]
[EventRounds "10"]
[EventCountry "COL"]
[SourceTitle "CBM 211 Extra"]
[Source "ChessBase"]
[SourceDate "2023.01.31"]
[SourceVersion "1"]
[SourceVersionDate "2023.01.31"]
[SourceQuality "1"]

1. e4 c5 2. Nf3 d6 3. d4 cxd4 4. Nxd4 Nf6 5. Nc3 a6 6. Be3 e5 7. Nb3 Be6 8. Qd2 Nbd7 9. 0-0-0 Be7 10. f4 b5 11. f5 Bc4 12. a3 h5 13. Kb1 Rc8 14. Bd3 Qc7 15. Rhe1 Rb8 16. Qe2 b4 17. axb4 Rxb4 18. Bxc4 Rxc4 19. Bg5 0-0 20. Bxf6 Nxf6 21. Nd5 Nxd5 22. Rxd5 Rc8 23. c3 Qb6 24. Qc2 a5 25. Ka2 Ra4+ 26. Kb1 Rac4 27. Ka2 Ra4+ 28. Kb1 Rac4 1/2-1/2

[Event "Jamundi Fortalece Sede op"]
[Site "Jamundi"]
[Date "2022.12.11"]
[Round "10"]
[White "Larino Nieto, David"]
[Black "Cori Quispe, Kevin Joel"]
[Result "0-1"]
[WhiteElo "2466"]
[BlackElo "2469"]
[PlyCount "163"]
[EventDate "2022.12.05"]
[EventType "swiss"]
[EventRounds "10"]
[EventCountry "COL"]
[SourceTitle "CBM 211 Extra"]
[Source "ChessBase"]
[SourceDate "2023.01.31"]
[SourceVersion "1"]
[SourceVersionDate "2023.01.31"]
[SourceQuality "1"]

1. Nf3 d5 2. b3 c5 3. e3 Nc6 4. Bb2 f6 5. d4 cxd4 6. exd4 Bg4 7. Be2 e6 8. Nh4 Bxe2 9. Qxe2 Qd7 10. 0-0 0-0-0 11. Re1 Re8 12. c4 Bb4 13. Rc1 dxc4 14. Qxc4 Kb8 15. a3 Bd6 16. b4 Rc8 17. Qb5 Nge7 18. Nd2 Bf4 19. Nhf3 Rhd8 20. Rd1 Bxd2 21. Rxd2 Nd5 22. Re1 g5 23. Qe2 Re8 24. Rc2 Nf4 25. Qe3 Ne7 26. Qe4 Nf5 27. Bc1 Nd5 28. Rxc8+ Rxc8 29. Bd2 h5 30. h3 Re8 31. Rc1 Rg8 32. Re1 Nc7 33. Be3 Nd6 34. Qc2 Nd5 35. Qe2 Nf5 36. Nh2 g4 37. hxg4 hxg4 38. Bc1 Nxd4 39. Qe4 e5 40. Bb2 Nc6 41. Nf1 Qe6 42. b5 Nce7 43. Ng3 Rc8 44. a4 Nb6 45. a5 Nc4 46. a6 bxa6 47. bxa6 Qc6 48. Qe2 Qxa6 49. Bd4 Rc7 50. Rb1+ Ka8 51. Bc3 Nd5 52. Be1 Qc6 53. Qxg4 Nf4 54. Nf5 Nb6 55. Bb4 Qe4 56. Qf3 Qxf3 57. gxf3 Nfd5 58. Ba5 Kb7 59. Ne3 Nxe3 60. fxe3 Rc2 61. f4 e4 62. Rb4 f5 63. Rb5 Ka6 64. Rxf5 Nc4 65. Be1 Nxe3 66. Ra5+ Kb7 67. Bf2 Rc1+ 68. Kh2 Ng4+ 69. Kg3 e3 70. Be1 Nf6 71. Rf5 Rxe1 72. Rxf6 a5 73. Kf3 a4 74. Rf5 a3 75. Ra5 Ra1 76. Kxe3 a2 77. Ke4 Re1+ 78. Kd5 a1Q 79. Rxa1 Rxa1 80. f5 Ra6 81. Ke5 Kc7 82. Kd4 0-1

[Event "Jamundi Fortalece Sede op"]
[Site "Jamundi"]
[Date "2022.12.07"]
[Round "4"]
[White "Malka, Samuel"]
[Black "Cori Quispe, Kevin Joel"]
[Result "0-1"]
[WhiteElo "2265"]
[BlackElo "2469"]
[PlyCount "80"]
[EventDate "2022.12.05"]
[EventType "swiss"]
[EventRounds "10"]
[EventCountry "COL"]
[SourceTitle "CBM 211 Extra"]
[Source "ChessBase"]
[SourceDate "2023.01.31"]
[SourceVersion "1"]
[SourceVersionDate "2023.01.31"]
[SourceQuality "1"]

1. d4 Nf6 2. c4 e6 3. Nf3 Bb4+ 4. Nbd2 0-0 5. a3 Be7 6. e4 d6 7. Be2 Nfd7 8. b4 e5 9. d5 c6 10. 0-0 cxd5 11. cxd5 Nb6 12. a4 a5 13. b5 f5 14. exf5 Bxf5 15. Ne1 N8d7 16. Nc4 Nxc4 17. Bxc4 Rc8 18. Qe2 Bf6 19. Be3 Qe8 20. Rc1 Qg6 21. Qd2 Nc5 22. Qxa5 Bg5 23. Bxg5 Qxg5 24. f4 exf4 25. Nf3 Qf6 26. Qd2 g5 27. a5 g4 28. Nd4 Bd3 29. Ne2 Bxe2 30. Qxe2 h5 31. a6 bxa6 32. bxa6 f3 33. Qf2 Ne4 34. Qe3 Rce8 35. Rce1 f2+ 36. Rxf2 Nxf2 37. Qxe8 Rxe8 38. Rxe8+ Kf7 39. a7 Qa1+ 40. Kxf2 Kxe8 0-1

[Event "Jamundi Fortalece Sede op"]
[Site "Jamundi"]
[Date "2022.12.06"]
[Round "2"]
[White "Cardoso Cardoso, Jose Gabriel"]
[Black "Cori Quispe, Kevin Joel"]
[Result "1/2-1/2"]
[WhiteElo "2486"]
[BlackElo "2469"]
[PlyCount "66"]
[EventDate "2022.12.05"]
[EventType "swiss"]
[EventRounds "10"]
[EventCountry "COL"]
[SourceTitle "CBM 211 Extra"]
[Source "ChessBase"]
[SourceDate "2023.01.31"]
[SourceVersion "1"]
[SourceVersionDate "2023.01.31"]
[SourceQuality "1"]

1. e4 c5 2. Nf3 e6 3. d4 cxd4 4. Nxd4 a6 5. c4 Nf6 6. Nc3 Qc7 7. a3 b6 8. Be3 Bb7 9. f3 Be7 10. Rc1 0-0 11. Be2 d6 12. Qd2 Re8 13. 0-0 Nbd7 14. b4 Rac8 15. Rfd1 Qb8 16. Nb3 Bf8 17. Bf2 Ba8 18. Bf1 h6 19. Qd4 Bc6 20. Qe3 Be7 21. Nd4 Ba8 22. Na4 Bd8 23. Nb3 Bc7 24. g3 d5 25. cxd5 exd5 26. Bxa6 Rcd8 27. Bb5 dxe4 28. f4 Re7 29. Nd4 Ng4 30. Qe2 Nxf2 31. Qxf2 e3 32. Qe2 Nf6 33. Nc6 Bxc6 1/2-1/2

[Event "Jamundi Fortalece Sede op"]
[Site "Jamundi"]
[Date "2022.12.05"]
[Round "1"]
[White "Cori Quispe, Kevin Joel"]
[Black "Argote Heredia, Valentina"]
[Result "1-0"]
[WhiteElo "2469"]
[BlackElo "2165"]
[PlyCount "68"]
[EventDate "2022.12.05"]
[EventType "swiss"]
[EventRounds "10"]
[EventCountry "COL"]
[SourceTitle "CBM 211 Extra"]
[Source "ChessBase"]
[SourceDate "2023.01.31"]
[SourceVersion "1"]
[SourceVersionDate "2023.01.31"]
[SourceQuality "1"]

1. e4 c5 2. Nf3 e6 3. b3 Nf6 4. e5 Nd5 5. c4 Nb4 6. a3 N4c6 7. Bb2 d6 8. exd6 Qxd6 9. g3 f6 10. Nh4 Ne5 11. Qh5+ Nf7 12. Bg2 g6 13. Qe2 Bg7 14. Nc3 0-0 15. Ne4 Qe7 16. Qe3 Nd7 17. f4 e5 18. Nc3 Qd6 19. 0-0 f5 20. Kh1 a6 21. Nd5 Rb8 22. Rae1 b5 23. Bc3 Bb7 24. g4 fxg4 25. f5 Bh6 26. Qg3 Bxd5 27. Bxd5 Bf4 28. Rxf4 exf4 29. Qd3 Nde5 30. Bxe5 Qe7 31. f6 Qd7 32. Nxg6 Rbe8 33. Nxf8 Rxf8 34. Bxf4 Qd8 1-0

[Event "Mexico City Independence Cup 11th"]
[Site "Mexico City"]
[Date "2022.09.15"]
[Round "3"]
[White "Miranda Llanes, Yerisbel"]
[Black "Cori Quispe, Kevin Joel"]
[Result "0-1"]
[WhiteElo "2295"]
[BlackElo "2485"]
[PlyCount "94"]
[EventDate "2022.09.14"]
[EventType "tourn"]
[EventRounds "7"]
[EventCountry "MEX"]
[SourceTitle "CBM 210 Extra"]
[Source "ChessBase"]
[SourceDate "2022.11.30"]
[SourceVersion "1"]
[SourceVersionDate "2022.11.30"]
[SourceQuality "1"]

1. d4 Nf6 2. c4 e6 3. Nc3 Bb4 4. e3 0-0 5. Bd2 d5 6. Nf3 b6 7. cxd5 exd5 8. Rc1 a6 9. Bd3 Bb7 10. 0-0 Nbd7 11. Ne5 Bd6 12. f4 b5 13. Bf5 Nb6 14. Qf3 g6 15. Bc2 b4 16. Na4 Ne4 17. Bxe4 dxe4 18. Qd1 Nxa4 19. Qxa4 a5 20. Nd7 Re8 21. f5 Kg7 22. Nc5 Bd5 23. f6+ Kh8 24. Be1 Qc8 25. Bg3 Qg4 26. Na6 Bxg3 27. hxg3 c6 28. Nc7 Qxg3 29. Nxd5 cxd5 30. Qb3 Rad8 31. a4 h5 32. Rc5 h4 33. Kh1 h3 34. gxh3 Qxh3+ 35. Kg1 Qg3+ 36. Kh1 Qh4+ 37. Kg1 Qg5+ 38. Kh1 Rd6 39. Rxa5 Rxf6 40. Rxf6 Qxf6 41. Qxd5 Qf1+ 42. Kh2 Qf2+ 43. Kh1 Kg7 44. Ra8 Qh4+ 45. Kg2 Qg4+ 46. Kh1 Qh3+ 47. Kg1 Qxe3+ 0-1

[Event "PER-ch"]
[Site "Lima"]
[Date "2022.05.18"]
[Round "3"]
[White "Escalante Ramirez, Brian Sebastian"]
[Black "Cori Quispe, Kevin Joel"]
[Result "1-0"]
[WhiteElo "2482"]
[BlackElo "2505"]
[PlyCount "111"]
[EventDate "2022.05.17"]
[EventType "swiss"]
[EventRounds "9"]
[EventCountry "PER"]
[SourceTitle "EXT 2023"]
[Source "ChessBase"]
[SourceDate "2022.10.05"]
[SourceVersion "1"]
[SourceVersionDate "2022.10.05"]
[SourceQuality "1"]

1. e4 c5 2. Nf3 e6 3. b3 a6 4. Bb2 d6 5. d4 cxd4 6. Qxd4 Nc6 7. Qd2 Nf6 8. Nc3 Be7 9. 0-0-0 0-0 10. g4 b5 11. g5 Ng4 12. Rg1 Nge5 13. Ne1 Qb6 14. Rg3 Nd7 15. f4 Nc5 16. Nd3 b4 17. Nxc5 dxc5 18. Na4 Qc7 19. e5 Rd8 20. Rd3 Rxd3 21. Qxd3 Na5 22. c4 Bb7 23. Qd7 Rc8 24. Nb6 Qxb6 25. Qxe7 Nc6 26. Rd6 Nxe7 27. Rxb6 Rc7 28. Rd6 h6 29. Bd3 g6 30. h4 Kg7 31. Kd2 hxg5 32. hxg5 Bc6 33. Rd8 a5 34. Kc2 Nf5 35. Bc1 a4 36. Kb2 a3+ 37. Kb1 Bf3 38. Bd2 Ng3 39. Be3 Ne4 40. Bxe4 Bxe4+ 41. Kc1 Bf3 42. Rb8 Bg4 43. Rb5 Rc8 44. Bxc5 Rh8 45. Bxb4 Rh1+ 46. Kd2 Rh2+ 47. Kc3 Rxa2 48. Ra5 Rf2 49. Bxa3 Rf3+ 50. Kb2 Rf2+ 51. Kc1 Rxf4 52. Be7 f5 53. exf6+ Kf7 54. Bd6 Rf1+ 55. Kb2 Ke8 56. Ra7 1-0

[Event "Mexican op 67th"]
[Site "Chihuahua City"]
[Date "2022.04.13"]
[Round "2"]
[White "Cori Quispe, Kevin Joel"]
[Black "Blanco Fernandez, Alvaro"]
[Result "1-0"]
[WhiteElo "2492"]
[BlackElo "2190"]
[PlyCount "74"]
[EventDate "2022.04.12"]
[EventType "swiss"]
[EventRounds "9"]
[EventCountry "MEX"]
[SourceTitle "CBM 207 Extra"]
[Source "ChessBase"]
[SourceDate "2022.05.31"]
[SourceVersion "1"]
[SourceVersionDate "2022.05.31"]
[SourceQuality "1"]

1. e4 c5 2. Nf3 g6 3. d4 cxd4 4. Nxd4 Nc6 5. c4 Nf6 6. Nc3 Nxd4 7. Qxd4 d6 8. Bg5 Bg7 9. Be2 0-0 10. Qd3 b6 11. 0-0 Bb7 12. Rac1 Rc8 13. f4 Rc5 14. Bh4 Qa8 15. b4 Rcc8 16. Bf3 Rfd8 17. Rfe1 Rc7 18. Rc2 Rdc8 19. Nb5 Rd7 20. Bxf6 Bxf6 21. e5 Bh4 22. Bxb7 Qxb7 23. Rd1 Rcd8 24. e6 fxe6 25. Nd4 Bf6 26. Nxe6 Rc8 27. f5 Kf7 28. fxg6+ hxg6 29. Nf4 Rg8 30. c5 bxc5 31. bxc5 d5 32. c6 Qb6+ 33. Kh1 Rd6 34. c7 Rc8 35. Qxg6+ Kf8 36. Qh7 Ke8 37. Nxd5 Rxc7 1-0

[Event "Mexican op 67th"]
[Site "Chihuahua City"]
[Date "2022.04.13"]
[Round "3"]
[White "Rascon Vega, Alfonso Carlos"]
[Black "Cori Quispe, Kevin Joel"]
[Result "0-1"]
[WhiteElo "2108"]
[BlackElo "2492"]
[PlyCount "66"]
[EventDate "2022.04.12"]
[EventType "swiss"]
[EventRounds "9"]
[EventCountry "MEX"]
[SourceTitle "CBM 207 Extra"]
[Source "ChessBase"]
[SourceDate "2022.05.31"]
[SourceVersion "1"]
[SourceVersionDate "2022.05.31"]
[SourceQuality "1"]

1. e4 c5 2. Nf3 e6 3. g3 Nc6 4. Bg2 Nf6 5. d3 d6 6. 0-0 Be7 7. Nc3 0-0 8. Bf4 Nd7 9. h4 e5 10. Bg5 f6 11. Bc1 Nb6 12. Nd2 Be6 13. Nd5 Bf7 14. c3 Re8 15. Ne3 d5 16. exd5 Nxd5 17. Ne4 Qd7 18. Qf3 Rad8 19. Nf5 Be6 20. Bh3 Bf8 21. g4 Nf4 22. Bxf4 exf4 23. Qxf4 Bxf5 24. gxf5 Qxd3 25. Bg2 Ne5 26. Rae1 Qc2 27. Re3 Qxb2 28. Rg3 Kh8 29. h5 Nf7 30. h6 Nxh6 31. Nxf6 gxf6 32. Qh4 Bg7 33. Qh5 Qxa2 0-1

[Event "Mexican op 67th"]
[Site "Chihuahua City"]
[Date "2022.04.12"]
[Round "1"]
[White "Sauceda Castillo, Francisco"]
[Black "Cori Quispe, Kevin Joel"]
[Result "0-1"]
[WhiteElo "1842"]
[BlackElo "2492"]
[PlyCount "52"]
[EventDate "2022.04.12"]
[EventType "swiss"]
[EventRounds "9"]
[EventCountry "MEX"]
[SourceTitle "CBM 207 Extra"]
[Source "ChessBase"]
[SourceDate "2022.05.31"]
[SourceVersion "1"]
[SourceVersionDate "2022.05.31"]
[SourceQuality "1"]

1. d4 Nf6 2. c3 g6 3. Nf3 Bg7 4. g3 0-0 5. Bg2 d6 6. 0-0 Nc6 7. Re1 Bf5 8. Bg5 Ne4 9. Nbd2 Nxg5 10. Nxg5 e5 11. Bxc6 bxc6 12. Ngf3 exd4 13. Nxd4 Bd7 14. Rb1 a5 15. Qc2 Re8 16. e4 Qg5 17. Re2 Qh5 18. f3 c5 19. N4b3 a4 20. Nc1 f5 21. Rf2 Bh6 22. Qd3 Bc6 23. Qc4+ Kh8 24. Nf1 fxe4 25. fxe4 Rxe4 26. Qf7 Rf8 0-1

[Event "Anti Cheating Blitz Cup"]
[Site "Chess.com INT"]
[Date "2020.05.20"]
[Round "1"]
[White "Cori Quispe, Kevin Joel"]
[Black "Marzatico, Luca"]
[Result "1-0"]
[WhiteElo "2492"]
[BlackElo "2009"]
[PlyCount "63"]
[EventDate "2020.05.20"]
[EventType "swiss (blitz)"]
[EventRounds "11"]
[EventCountry "USA"]
[SourceTitle "CBM 196 Extra"]
[Source "ChessBase"]
[SourceDate "2020.07.31"]
[SourceVersion "1"]
[SourceVersionDate "2020.07.31"]
[SourceQuality "1"]

1. e4 e6 2. d4 d5 3. Nc3 Nf6 4. e5 Nfd7 5. f4 c5 6. Nf3 Nc6 7. Be3 cxd4 8. Nxd4 Qb6 9. Qd2 Qxb2 10. Rb1 Qa3 11. Bb5 Nxd4 12. Bxd4 a6 13. Bxd7+ Bxd7 14. Rb3 Qe7 15. Rxb7 Qh4+ 16. Bf2 Qd8 17. 0-0 Qc8 18. Rfb1 Bc5 19. Bxc5 Qxc5+ 20. Kh1 Bc8 21. R7b6 0-0 22. Rd6 a5 23. f5 exf5 24. Nxd5 Be6 25. c4 Rab8 26. Rc1 h6 27. h3 Rfd8 28. Ne7+ Kh7 29. Rxd8 Rxd8 30. Qxd8 f6 31. exf6 gxf6 32. Qf8 1-0

[Event "Anti Cheating Blitz Cup"]
[Site "Chess.com INT"]
[Date "2020.05.20"]
[Round "3"]
[White "Cori Quispe, Kevin Joel"]
[Black "Strybuk, Artsiom I"]
[Result "0-1"]
[WhiteElo "2492"]
[BlackElo "2215"]
[PlyCount "66"]
[EventDate "2020.05.20"]
[EventType "swiss (blitz)"]
[EventRounds "11"]
[EventCountry "USA"]
[SourceTitle "CBM 196 Extra"]
[Source "ChessBase"]
[SourceDate "2020.07.31"]
[SourceVersion "1"]
[SourceVersionDate "2020.07.31"]
[SourceQuality "1"]

1. e4 e5 2. Nf3 Nc6 3. Bb5 Nf6 4. d3 Bc5 5. 0-0 d6 6. c3 Bb6 7. Nbd2 0-0 8. Re1 Ne7 9. Nf1 Ng6 10. Ng3 c6 11. Ba4 d5 12. Qe2 Re8 13. h3 h6 14. Be3 Bc7 15. Rad1 Be6 16. exd5 Nxd5 17. Bc1 Qd7 18. Ne4 Ndf4 19. Qf1 Nxh3+ 20. gxh3 Bxh3 21. Qe2 Qg4+ 22. Ng3 e4 23. Nh2 Qxe2 24. Rxe2 exd3 25. Rxe8+ Rxe8 26. Bd2 Bxg3 27. fxg3 Re2 28. Kh1 Ne5 29. Bf4 Nc4 30. Kg1 Nxb2 31. Rb1 Nxa4 32. Rxb7 d2 33. Rb8+ Kh7 0-1

[Event "Mexico City Fenamac-A 2nd"]
[Site "Mexico City"]
[Date "2020.03.15"]
[Round "7"]
[White "Cori Quispe, Kevin Joel"]
[Black "Hernandez Guerrero, Eduardo"]
[Result "1-0"]
[WhiteElo "2493"]
[BlackElo "2254"]
[PlyCount "67"]
[EventDate "2020.03.12"]
[EventType "tourn"]
[EventRounds "9"]
[EventCountry "MEX"]
[EventCategory "3"]
[SourceTitle "CBM 195 Extra"]
[Source "ChessBase"]
[SourceDate "2020.05.31"]
[SourceVersion "1"]
[SourceVersionDate "2020.05.31"]
[SourceQuality "1"]

1. e4 c5 2. Nf3 d6 3. d4 cxd4 4. Nxd4 Nf6 5. Nc3 a6 6. Be3 e5 7. Nb3 Be6 8. Qd2 Be7 9. 0-0-0 Nbd7 10. f4 Ng4 11. g3 Nxe3 12. Qxe3 Rc8 13. Kb1 b5 14. f5 Bc4 15. Bxc4 bxc4 16. Nd2 Nb6 17. Qe2 Qc7 18. Nf1 Qc6 19. Ne3 Na4 20. Nxa4 Qxa4 21. c3 Rc5 22. Rd5 Rxd5 23. Nxd5 Qc6 24. Nb4 Qc8 25. Rd1 g6 26. Rf1 Bd8 27. Nc2 Bb6 28. Na3 Bc5 29. Nxc4 0-0 30. Qd3 Qb7 31. g4 Rb8 32. Rd1 a5 33. Qd5 Qb5 34. Rd2 1-0

[Event "Mexico City Fenamac-A 2nd"]
[Site "Mexico City"]
[Date "2020.03.13"]
[Round "2"]
[White "Benitez Lozano, Javier"]
[Black "Cori Quispe, Kevin Joel"]
[Result "1/2-1/2"]
[WhiteElo "2373"]
[BlackElo "2493"]
[PlyCount "61"]
[EventDate "2020.03.12"]
[EventType "tourn"]
[EventRounds "9"]
[EventCountry "MEX"]
[EventCategory "3"]
[SourceTitle "CBM 195 Extra"]
[Source "ChessBase"]
[SourceDate "2020.05.31"]
[SourceVersion "1"]
[SourceVersionDate "2020.05.31"]
[SourceQuality "1"]

1. d4 Nf6 2. Bf4 e6 3. e3 b6 4. Nf3 Bb7 5. Bd3 Be7 6. h3 c5 7. c3 0-0 8. Nbd2 cxd4 9. cxd4 d6 10. 0-0 Nc6 11. Bh2 a6 12. Rc1 Nb4 13. Bb1 b5 14. a3 Nc6 15. e4 Qb6 16. e5 Ne8 17. Ne4 Rd8 18. Qc2 g6 19. Rfd1 Na5 20. Bf4 Ng7 21. Qe2 dxe5 22. dxe5 Rxd1+ 23. Rxd1 Rd8 24. Bg5 Bxe4 25. Bxe7 Rxd1+ 26. Qxd1 Bd5 27. Nh2 Nc6 28. Bd6 h5 29. Nf1 Qd4 30. Qxd4 Nxd4 31. Ne3 1/2-1/2